000 005270000a22001810004500
003 MACL
005 20160413125023.0
008 160413b xxu||||| |||| 00| 0 eng d
040 _aMACL
_cMACL
041 _aHindi
082 _a891.433 SUR
100 _aसुरती आबिद
_952145
245 _aदस्‍तूर
260 _bविमल पुस्‍तक मंदिर
_c2001
_aनई दिल्‍ली
350 _a130
650 _aHindi Literature
_952146
942 _cHIN
_k891.433/SUR/N
_2ddc
999 _c9262
_d9262